Statistiques concernant Anagrammes de jeux vidéo

Cliquez ici pour prendre le quiz!

Statistiques générales

  • Ce quiz a été pris 234 fois
  • Le résultat moyen est 7 sur 15

Statistiques - réponses

AnagrammesJeux vidéo% Correct
efritontFortnite
86%
faifFifa
82%
cufatdollyCall Of Duty
69%
crevatwohOverwatch
59%
sertitTetris
55%
fullsgyaFall Guys
49%
angusomAmong Us
47%
fardatflowcrowrWorld Of Warcraft
43%
lavraontValorant
41%
armentcifMinecraft
40%
degonflageselueLeague Of Legends
24%
adheranttutfogGrand Theft Auto
17%
ecroutagelekRocket League
17%
construireketCounter Strike
15%
carminakatTrackmania
8%

Distribution des résultats

Percentile par nombre de réponses

% des personnes avec chaque résultat

Votre développement - résultats

Vous n’avez pas pris ce quiz